Every International Team Robbie Keane has Scored Against - Statistics

General Stats
  • This quiz has been taken 17 times
  • The average score is 21 of 37
Answer Stats
N Country % Correct
1 Spain
100%
1 France
93%
1 Germany
93%
1 Scotland
93%
2 Sweden
93%
3 Denmark
86%
2 Russia
86%
1 Wales
86%
1 Italy
79%
2 Netherlands
79%
1 Norway
79%
1 Finland
71%
5 Gibraltar
64%
1 Latvia
64%
2 Northern Ireland
64%
1 Croatia
57%
1 Saudi Arabia
57%
2 Czech Republic
50%
3 Estonia
50%
4 Georgia
50%
3 Malta
50%
3 San Marino
50%
1 Turkey
50%
1 Albania
43%
1 Andorra
43%
2 Canada
43%
3 Cyprus
43%
1 Israel
43%
1 Iran
36%
2 Kazakhstan
36%
5 Faroe Islands
29%
3 North Macedonia
29%
1 Oman
29%
1 Algeria
21%
1 Colombia
21%
1 Nigeria
21%
1 Yugoslavia
7%
No matching quizzes found
Score Distribution
Percent of People with Each Score
Percentile by Number Answered
Your Score History
You have not taken this quiz